Normal view
MARC view
- John H. Kagel (Editor), Alvin E. Roth (Editor)
Entry Personal Name
001 - CONTROL NUMBER
- control field: 34885
003 - CONTROL NUMBER IDENTIFIER
- control field: OSt
005 - DATE AND TIME OF LATEST TRANSACTION
- control field: 20260204123927.0
008 - FIXED-LENGTH DATA ELEMENTS
- fixed length control field: 260204|| aca||aabn | a|a d
040 ## - CATALOGING SOURCE
- Original cataloging agency: OSt
- Transcribing agency: OSt
100 ## - HEADING--PERSONAL NAME
- Personal name: John H. Kagel (Editor), Alvin E. Roth (Editor)
670 ## - SOURCE DATA FOUND
- Source citation: Work cat.: (OSt)7592: John H. Kagel (Editor), Alvin E. Roth (Editor), The Handbook of Experimental Economics, 7 December 1997